Normal view
MARC view
- Nawaz, Muhammad Daial (BEE-58/ TCC-33)
Entry Personal Name
001 - CONTROL NUMBER
- control field: 131737
003 - CONTROL NUMBER IDENTIFIER
- control field: NUST
005 - DATE AND TIME OF LATEST TRANSACTION
- control field: 20251107171615.0
008 - FIXED-LENGTH DATA ELEMENTS
- fixed length control field: 251107|| aca||aabn | a|a d
040 ## - CATALOGING SOURCE
- Original cataloging agency: NUST
- Transcribing agency: NUST
100 ## - HEADING--PERSONAL NAME
- Personal name: Nawaz, Muhammad Daial (BEE-58/ TCC-33)
670 ## - SOURCE DATA FOUND
- Source citation: Work cat.: (NUST): Nawaz, Muhammad Daial (BEE-58/ TCC-33), Advanced Network Monitoring and Intrusion Detection System (IDS) /, 2025
